Statistics for Nordic Decoder Quiz

Click here to take the quiz!

General Stats

  • This quiz has been taken 30 times
  • The average score is 9 of 13

Answer Stats

HintAnswer% Correct
What the Titanic hitIceberg
100%
The smallest nordic countryIceland
100%
Continent they all are inEurope
95%
Largest nordic CountrySweden
95%
Danish overseas territoryGreenland
91%
Capital of the southermost countryKøbenhavn
91%
Where the Vikings that have fought hard goValhalla
91%
Norwegian CurrencyNOK
73%
Norway and Sweden have this type of monarchKing
59%
Most of them are from Poland. Together the nordics have over 4 million _______Immigrants
50%
The riksdag in sweden is aParliament
36%
The Oslo metroT-banen
32%
Final answer (Tourist Attraction)Vikingskipet
27%

Score Distribution

Percentile by Number Answered

Percent of People with Each Score

Your Score History

You have not taken this quiz